Statistics for Pro wrestling catchphrases

Click here to take the quiz!

General Stats

  • This quiz has been taken 243 times
  • The average score is 16 of 20

Answer Stats

HintAnswer% Correct
It doesn't matter what your name is!The Rock
98%
What?Stone Cold Steve Austin
96%
Now can you dig that, SUCKA!Booker T
93%
Yes! Yes! Yes!Daniel Bryan
93%
Now let me tell you something, brother!Hulk Hogan
93%
I'm the best there is, the best there was, and the best there ever will beBret "the Hitman" Hart
90%
The Champ is here!John Cena
89%
If you're not down with that, we got two words for ya!D-Generation X
86%
That's it! You just made the list!Chris Jericho
85%
I'm the stylin', profilin', limousine riding, jet flying, kiss-stealing, wheelin' and dealin' son of a gun.Ric Flair
85%
Straight edge means I'm better than you.CM Punk
83%
Everyone has a price.Ted DiBiase
83%
Oh it's true. It's damn true!Kurt Angle
81%
DAMN!Ron Simmons
77%
Pimpin' ain't easy!The Godfather
76%
Hey yo.Scott Hall
65%
Hello, ladiesVal Venis
62%
Holla if you hear me!Scott Steiner
52%
Feel the BANG!Diamond Dallas Page
42%
Beat me if you can, survive if I let you.Tazz
33%

Score Distribution

Percentile by Number Answered

Percent of People with Each Score

Your Score History

You have not taken this quiz